000
00203nam a2200073Ia 4500
008
170620s9999 xx 000 0 und d
100
_a
J. P. MISHR
245
0
_a
SHAKSHIK SANGHATAN- SAVASATH SHIKSHA AV SHIKSHAN TAKNEEKI
260
_b
APOLO
999
_c
27123
_d
27123